Operacionnaja sistema UNIX i programmirovanije na jazyke Si /

Salvato in:
Dettagli Bibliografici
Autori principali: Dansmuir, M.R.M (Autore), Davies, G.J (Autore)
Altri autori: Bogdanov, A.S (Traduttore)
Natura: Libro
Lingua:russo
Pubblicazione: Moskva : Radio i svjaz, 1989
Soggetti:
Tags: Aggiungi Tag
Nessun Tag, puoi essere il primo ad aggiungerne!!

MARC

LEADER 00000nam a22000003a 4500
001 stu35412
005 20150617225731.4
008 920417s1989----xxr-----------------rus-d
040 |a STU  |b slo 
041 0 |a rus 
044 |a xxr 
080 |a 681.3.066 
080 |a 519.62  |7 stu_us_auth*stu6975 
100 1 |a Dansmuir, M.R.M  |4 aut 
245 1 |a Operacionnaja sistema UNIX i programmirovanije na jazyke Si /  |c [aut.]M.R.M. Dansmuir, G.J. Davies; Z angl. A.S. Bogdanov 
260 |a Moskva :  |b Radio i svjaz,  |c 1989 
300 |a 191 s 
650 7 |a Systémy operačné:UNIX  |2 stusub 
650 7 |a Jazyky programovacie:C  |2 stusub 
650 7 |a UNIX  |2 stusub 
650 7 |a Systémy operačné  |2 stusub 
650 7 |a C  |2 stusub 
650 7 |a jazyky programovacie  |2 stusub 
700 1 |a Davies, G.J  |4 aut 
700 1 |a Bogdanov, A.S  |4 trl 
996 |b 284M062669  |c M*7118-1  |l MMKN  |s A  |a 24  |w stu35412_0001